Verhaltensgestörte Kinder im Heim: eine empirische Längsschnittuntersuchung zu Indikation und Erfolg
| Main Author: | |
|---|---|
| Format: | Print Book |
| Language: | German |
| Published: |
Freiburg im Breisgau
Lambertus
1991
|
| In: | Year: 1991 |
| Online Access: |
Table of Contents Table of Contents |
| Availability in Tübingen: | Present in Tübingen. IFK: O X 426 |
| Check availability: | HBZ Gateway |
| Subito Delivery Service: | Order now. |
| Keywords: |
MARC
| LEADER | 00000cam a2200000 c 4500 | ||
|---|---|---|---|
| 001 | 025687166 | ||
| 003 | DE-627 | ||
| 005 | 20260206195939.0 | ||
| 007 | tu | ||
| 008 | 910627s1991 gw ||||| 00| ||ger c | ||
| 015 | |a 91,N11,0212 |2 dnb | ||
| 015 | |a 91,N11,0212 |2 dnb | ||
| 016 | 7 | |a 910353638 |2 DE-101 | |
| 020 | |a 3784105378 |9 3-7841-0537-8 | ||
| 035 | |a (DE-627)025687166 | ||
| 035 | |a (DE-603)014368846 | ||
| 035 | |a (DE-576)023700270 | ||
| 035 | |a (DE-599)GBV025687166 | ||
| 035 | |a (OCoLC)231165565 | ||
| 035 | |a (OCoLC)65658216 | ||
| 040 | |a DE-627 |b ger |c DE-627 |e rakwb | ||
| 041 | |a ger | ||
| 044 | |c XA-DE | ||
| 084 | |a 22 |a 11 |2 sdnb | ||
| 084 | |a 11 |a 14 |2 sdnb | ||
| 084 | |a 11 |a 14 |a 22 |2 sdnb | ||
| 084 | |a DT 7000 |2 rvk |0 (DE-625)rvk/20035:761 | ||
| 084 | |a CW 6900 |2 rvk |0 (DE-625)rvk/19198: | ||
| 084 | |a DT 1470 |2 rvk |0 (DE-625)rvk/19995:761 | ||
| 084 | |a DG 3000 |2 rvk |0 (DE-625)rvk/19555: | ||
| 084 | |a DS 7150 |2 rvk |0 (DE-625)rvk/19960: | ||
| 084 | |a DT 7100 |2 rvk |0 (DE-625)rvk/160607:761 | ||
| 084 | |a 80.28 |2 bkl | ||
| 100 | 1 | |a Hebborn-Brass, Ursula |0 (DE-588)1157197582 |0 (DE-627)1020185724 |0 (DE-576)502723831 |4 aut | |
| 109 | |a Hebborn-Brass, Ursula |a Brass, Ursula H.- | ||
| 245 | 1 | 0 | |a Verhaltensgestörte Kinder im Heim |b eine empirische Längsschnittuntersuchung zu Indikation und Erfolg |c Ursula Hebborn-Brass |
| 264 | 1 | |a Freiburg im Breisgau |b Lambertus |c 1991 | |
| 300 | |a 274 S. |b graph. Darst. |c 21 cm | ||
| 336 | |a Text |b txt |2 rdacontent | ||
| 337 | |a ohne Hilfsmittel zu benutzen |b n |2 rdamedia | ||
| 338 | |a Band |b nc |2 rdacarrier | ||
| 505 | 8 | |a Literaturverz. S. 193 - 206 | |
| 505 | 8 | |a Literaturverz. S. 193 - 206 | |
| 505 | 8 | |a Literaturverz. S. 193 - 206 | |
| 583 | 1 | |a Archivierung/Langzeitarchivierung gewährleistet |f PEBW |x XA-DE-BW |2 pdager |5 DE-31 | |
| 650 | 0 | |a Child Behavior Disorders | |
| 650 | 0 | |a Domestic education | |
| 650 | 0 | 7 | |0 (DE-588)4024137-3 |0 (DE-627)10630027X |0 (DE-576)208953299 |a Heimerziehung |2 gnd |
| 650 | 0 | 7 | |0 (DE-588)4030550-8 |0 (DE-627)104360100 |0 (DE-576)208988165 |a Kind |2 gnd |
| 650 | 0 | 7 | |0 (DE-588)4062872-3 |0 (DE-627)106129902 |0 (DE-576)209146427 |a Verhaltensstörung |2 gnd |
| 650 | 4 | |a Verhaltensgestörtes Kind | |
| 689 | 0 | 0 | |d s |0 (DE-588)4030550-8 |0 (DE-627)104360100 |0 (DE-576)208988165 |a Kind |2 gnd |
| 689 | 0 | 1 | |d s |0 (DE-588)4062872-3 |0 (DE-627)106129902 |0 (DE-576)209146427 |a Verhaltensstörung |2 gnd |
| 689 | 0 | 2 | |d s |0 (DE-588)4024137-3 |0 (DE-627)10630027X |0 (DE-576)208953299 |a Heimerziehung |2 gnd |
| 689 | 0 | |5 DE-101 | |
| 856 | 4 | 2 | |u https://digitale-objekte.hbz-nrw.de/storage/2008/12/16/file_114/2701075.pdf |m V:DE-605 |m X:migimw |q application/pdf |v 2025-07-00 |3 Inhaltsverzeichnis |7 1 |
| 856 | 4 | 2 | |u http://scans.hebis.de/HEBCGI/show.pl?01436884_toc.pdf |m V:DE-605 |q application/pdf |3 Inhaltsverzeichnis |7 1 |
| 935 | |i Blocktest | ||
| 935 | |h HEB |i 0501 | ||
| 935 | |h HEB |i 0503 | ||
| 936 | r | v | |a DT 7000 |b Allgemeines und Deutschland |k Pädagogik |k Heilpädagogik, Sonderpädagogik |k Förderschwerpunkte |k Verhaltensstörung, Verhaltensauffälligkeit |k Allgemeines und Übergreifendes |k Allgemeines und Deutschland |0 (DE-627)1270711164 |0 (DE-625)rvk/20035:761 |0 (DE-576)200711164 |
| 936 | r | v | |a CW 6900 |b Heimbewohner (Kinderheim, Altenheim usw.), Internierung, Sozialhilfe, Verwahrlosung, Strafvollzug |k Psychologie |k Angewandte Psychologie |k Heimbewohner (Kinderheim, Altenheim usw.), Internierung, Sozialhilfe, Verwahrlosung, Strafvollzug |0 (DE-627)1271559188 |0 (DE-625)rvk/19198: |0 (DE-576)201559188 |
| 936 | r | v | |a DT 1470 |b Allgemeines und Deutschland |k Pädagogik |k Heilpädagogik, Sonderpädagogik |k Institutionen und Tätigkeitsfelder der Behindertenpädagogik |k Heimerziehung |k Allgemeines und Deutschland |0 (DE-627)1270809210 |0 (DE-625)rvk/19995:761 |0 (DE-576)200809210 |
| 936 | r | v | |a DG 3000 |b Heimerziehung (und Alternativen) |k Pädagogik |k Spezialfragen der Erziehung |k Heimerziehung (und Alternativen) |0 (DE-627)1270707035 |0 (DE-625)rvk/19555: |0 (DE-576)200707035 |
| 936 | r | v | |a DS 7150 |b Intervention in der Jugendhilfe (Erziehungshilfen, Arbeit in Heimen) |k Pädagogik |k Sozialpädagogik, Sozialarbeit |k Berufsfelder |k Jugendhilfe |k Intervention in der Jugendhilfe (Erziehungshilfen, Arbeit in Heimen) |0 (DE-627)1270784420 |0 (DE-625)rvk/19960: |0 (DE-576)200784420 |
| 936 | r | v | |a DT 7100 |b Allgemeines und Deutschland |k Pädagogik |k Heilpädagogik, Sonderpädagogik |k Förderschwerpunkte |k Verhaltensstörung, Verhaltensauffälligkeit |k Aufmerksamkeitsstörungen |k Allgemeines und Deutschland |0 (DE-627)1560901160 |0 (DE-625)rvk/160607:761 |0 (DE-576)490901166 |
| 936 | b | k | |a 80.28 |j Verhaltensgestörtenpädagogik |0 (DE-627)106422634 |
| 936 | s | n | |a d100 |2 mzub |
| 936 | s | n | |a c200 |2 mzub |
| 936 | s | n | |a m200 |2 mzub |
| 951 | |a BO | ||
| ELC | |b 1 | ||
| LOK | |0 000 xxxxxcx a22 zn 4500 | ||
| LOK | |0 001 3353152865 | ||
| LOK | |0 003 DE-627 | ||
| LOK | |0 004 025687166 | ||
| LOK | |0 005 20020607000000 | ||
| LOK | |0 008 930607||||||||||||||||ger||||||| | ||
| LOK | |0 040 |a DE-21-110 |c DE-627 |d DE-21-110 | ||
| LOK | |0 852 |a DE-21-110 | ||
| LOK | |0 852 1 |c O X 426 |m p |9 00 | ||
| LOK | |0 935 |a k110 | ||
| LOK | |0 936ln |a 4.3.1 | ||
| LOK | |0 938 |k p | ||
| LOK | |0 939 |a 07-06-93 |b l01 | ||
| ORI | |a SA-MARC-krimdoka001.raw | ||
| SIG | |a IFK: O X 426 | ||
